000 nam a22 7a 4500
999 _c7927
_d7927
008 171109b xxu||||| |||| 00| 0 eng d
100 _94391
_aNCERT
245 _aPHYSICS LABORATRY MANUAL -XI
260 _aNEW DELHI
_bNCERT
_c2010